[Event "Costa Serena Masters"]
[Site "Costa Serena"]
[Date "2009.01.26"]
[Round "3"]
[White "He, Yuxuan"]
[Black "Humeau, Cyril"]
[Result "1/2-1/2"]
[WhiteElo "2339"]
[BlackElo "2203"]
[PlyCount "53"]
[EventDate "2009.01.25"]
[EventType "tourn"]
[EventRounds "5"]
[EventCountry "FRA"]
[EventCategory "1"]
[SourceTitle "CBM 128 Extra"]
[Source "ChessBase"]
[SourceDate "2009.03.05"]
[SourceVersion "2"]
[SourceVersionDate "2009.03.25"]
[SourceQuality "1"]

1. d4 Nf6 2. c4 e5 3. dxe5 Ng4 4. Bf4 Nc6 5. Nf3 Bb4+ 6. Nc3 Bxc3+ 7. bxc3 Qe7 8. Qd5 f6 9. exf6 Nxf6 10. Qd3 d6 11. e3 0-0 12. Be2 Ne4 13. 0-0 Bg4 14. Nd4 Nc5 15. Qd1 Bxe2 16. Qxe2 Na5 17. Rab1 b6 18. f3 Qf7 19. Bg3 Nxc4 20. e4 Na3 21. Rbc1 Qc4 22. Qxc4+ Nxc4 23. Rfd1 Ne3 24. Rd2 Nc4 25. Rdd1 Ne3 26. Rd2 Nc4 27. Rdd1 1/2-1/2